Quidditch through the ages / (Record no. 2809)

MARC details
000 -LEADER
fixed length control field 00959cam a2200265 a 4500
005 - DATE AND TIME OF LATEST TRANSACTION
control field 20240116092402.0
020 ## - INTERNATIONAL STANDARD BOOK NUMBER
International Standard Book Number 0439295025 (pbk. : alk. paper)
040 ## - CATALOGING SOURCE
Original cataloging agency DLC
Transcribing agency DLC
Modifying agency DLC
Language of cataloging eng
050 00 - LIBRARY OF CONGRESS CALL NUMBER
Classification number PR6068.O93
Item number Q53 2001
082 00 - DEWEY DECIMAL CLASSIFICATION NUMBER
Classification number 823/.914
Edition number 21
100 1# - MAIN ENTRY--PERSONAL NAME
Personal name Whisp, Kennilworthy
245 10 - TITLE STATEMENT
Title Quidditch through the ages /
Statement of responsibility, etc. Kennilworthy Whisp
250 ## - EDITION STATEMENT
Edition statement First American edition, February 2001
260 ## - PUBLICATION, DISTRIBUTION, ETC.
Place of publication, distribution, etc. New York :
Name of publisher, distributor, etc. Arthur A. Levine Books,
--
Date of publication, distribution, etc. 2001
300 ## - PHYSICAL DESCRIPTION
Extent 56 pages ;
Other physical details illustrations ;
Dimensions 20 cm
500 ## - GENERAL NOTE
General note Written by J.K. Rowling as a fictitious author.
505 ## - FORMATTED CONTENTS NOTE
Formatted contents note Z
520 ## - SUMMARY, ETC.
Summary, etc. A history of the sport Quidditch, answering such questions such as where the Golden Snitch came from, or why the Wigtown Wanderers have meat cleavers on their robes.
521 ## - TARGET AUDIENCE NOTE
Target audience note 1280
Source Lexile
521 ## - TARGET AUDIENCE NOTE
Target audience note Z
Source Raz-Plus
650 #0 - SUBJECT ADDED ENTRY--TOPICAL TERM
Topical term or geographic name entry element Sports
Form subdivision Miscellanea.
906 ## - LOCAL DATA ELEMENT F, LDF (RLIN)
a 7
b cbc
c orignew
d 1
e ocip
f 20
g y-gencatlg
942 ## - ADDED ENTRY ELEMENTS (KOHA)
Source of classification or shelving scheme Dewey Decimal Classification
Koha item type Books
Suppress in OPAC No
999 ## -
-- 2809
-- 2809
Holdings
Withdrawn status Lost status Source of classification or shelving scheme Damaged status Not for loan Collection Home library Current library Shelving location Date acquired Total Checkouts Full call number Barcode Date last seen Price effective from Koha item type
    Dewey Decimal Classification     Fiction Footprints International School Library Network Toul Kork Campus Footprints International School Library Network Toul Kork Campus   01/16/2024   WHI 823/.914 PR6068.O93 FIS00924 01/16/2024 01/16/2024 Books